000 00542nam a2200253Ia 4500
001 070649
003 YMCAF
005 20230512160645.0
008 100717s1991 ||||||||||||||||| ||und|d
020 _a-
024 _a70649
035 _a10112
040 _aYMCAF
_beng
_cIN-KoLT
041 _aeng
082 _a005.136
_bSRI
100 _aSRI RANGAN K.
245 0 _aUNDER STANDING IBM PC UTILITIES
250 _a-
260 _c1991
300 _a343
653 _aCOMPUTER
653 _aUNDERSTANDING IBM PC
942 _2ddc
_cBK
999 _c5745
_d5745